000 00359nam a22000977a 4500
100 _aतोमर,अजीत सिंह
_981101
245 _aचुनावी अखाडे के सूरमा
260 _aदिल्‍ली
_bपुस्‍तक प्रतिष्‍ठान
_c2016
650 _aव्‍यंग्‍य
942 _cHIN
999 _c64345
_d64345